[Event "Russian Championship B19 2016"]
[Site "Loo"]
[Date "2016.04.27"]
[Round "8.4"]
[White "Drygalov, Sergey"]
[Black "Murtazin, Bulat"]
[Result "1/2-1/2"]
[WhiteElo "2372"]
[BlackElo "2319"]
[PlyCount "176"]
[EventDate "2016.04.20"]

1. Nf3 Nf6 2. c4 e6 3. g3 d5 4. Bg2 c6 5. Qc2 Bd6 6. d4 O-O 7. Nbd2 Nbd7 8. O-O
e5 9. cxd5 cxd5 10. dxe5 Nxe5 11. Nxe5 Bxe5 12. Nf3 Bd6 13. Rd1 Re8 14. Bg5 Be6
15. Nd4 Rc8 16. Qb3 h6 17. Bxf6 Qxf6 18. e3 Rc4 19. Rac1 Be5 20. Rxc4 dxc4 21.
Qa4 b5 22. Qxa7 Bg4 23. Rd2 b4 24. Qc5 Qg6 25. Qxc4 Qb1+ 26. Qf1 Qxa2 27. h3
Bh5 28. Qb5 Qb1+ 29. Kh2 f6 30. Qxb4 Rb8 31. Qc4+ Bf7 32. Bd5 Bxd5 33. Qxd5+
Kh8 34. Nc6 Rxb2 35. Rxb2 Qxb2 36. Kg2 Qb7 37. e4 Bb2 38. h4 Ba3 39. Qe6 Qb6
40. h5 Bc5 41. Qe8+ Kh7 42. Nd8 Qb2 43. Qg6+ Kg8 44. Qf5 Bb6 45. Ne6 Qc2 46.
Qf3 Bxf2 47. Kh3 Bg1 48. Nf4 Bd4 49. Ne6 Bg1 50. Nf4 Bd4 51. Ng6 Qc8+ 52. Kg2
Qc2+ 53. Kh3 Qc8+ 54. Qf5 Qxf5+ 55. exf5 Be5 56. Kg4 Kf7 57. Kf3 Bd6 58. g4 Ke8
59. Ke4 Kd8 60. Nh4 Kd7 61. Kd5 Bg3 62. Nf3 Bf2 63. Nd2 Bg1 64. Nc4 Bf2 65. Nb2
Bg3 66. Nd3 Bd6 67. Nf2 Bh2 68. Ne4 Bg1 69. Nc3 Bf2 70. Ne2 Be3 71. Ke4 Bd2 72.
Nd4 Ke7 73. Kd5 Bc1 74. Kc6 Ba3 75. Ne6 Kf7 76. Kd7 Bb4 77. Nd8+ Kf8 78. Nc6
Ba3 79. Ke6 Bb2 80. Nb8 Ba1 81. Nd7+ Ke8 82. Nb6 Bb2 83. Nd5 Ba1 84. Nc7+ Kf8
85. Nd5 Ke8 86. Ne7 Bb2 87. Nd5 Ba1 88. Nc7+ Kf8 1/2-1/2

[Event "Russian Championship B19 2016"]
[Site "Loo"]
[Date "2016.04.27"]
[Round "8.5"]
[White "Shilyaev, Fedor"]
[Black "Zakaryan, David"]
[Result "0-1"]
[WhiteElo "2203"]
[BlackElo "2342"]
[PlyCount "98"]
[EventDate "2016.04.20"]

1. e4 e6 2. d4 d5 3. Nc3 Nf6 4. e5 Nfd7 5. Nf3 c5 6. dxc5 Nc6 7. Bf4 Be7 8. h4
Nxc5 9. a3 f6 10. Bd3 f5 11. b4 Ne4 12. Ne2 O-O 13. c4 h6 14. h5 Bg5 15. g3 a5
16. b5 Ne7 17. Bxe4 Bxf4 18. Bd3 dxc4 19. Bxc4 Qc7 20. Qd4 Bg5 21. Rd1 b6 22.
Nxg5 hxg5 23. O-O Kh7 24. Ba2 Ra7 25. Qe3 f4 26. Qe4+ g6 27. hxg6+ Kg7 28. Nd4
Qc5 29. Bxe6 Bb7 30. Qe2 Rh8 31. f3 Nxg6 32. Qf2 Nxe5 33. Nf5+ Kf6 34. Qxc5
bxc5 35. Rd6 Nxf3+ 36. Rxf3 Bxf3 37. b6 fxg3 38. Bd5+ Kxf5 39. Bxf3 Re7 40. b7
g4 41. Bc6 Re1+ 42. Kg2 Re2+ 43. Kf1 Rf2+ 44. Kg1 Rb2 45. Rd7 g2 46. Bxg2 Kf4
47. Rd3 Rb1+ 48. Kf2 g3+ 49. Ke2 Re8+ 0-1

[Event "Russian Championship B19 2016"]
[Site "Loo"]
[Date "2016.04.27"]
[Round "8.6"]
[White "Shapiro, David"]
[Black "Najdin, Danil"]
[Result "1/2-1/2"]
[WhiteElo "2230"]
[BlackElo "2305"]
[PlyCount "81"]
[EventDate "2016.04.20"]

1. d4 Nf6 2. c4 g6 3. Nc3 Bg7 4. e4 d6 5. Bd3 O-O 6. Nge2 Nc6 7. O-O e5 8. d5
Nd4 9. Nxd4 exd4 10. Ne2 Nd7 11. b4 a5 12. b5 Nc5 13. Bb2 Qg5 14. f4 Qe7 15.
Bxd4 Bxd4+ 16. Nxd4 f5 17. e5 dxe5 18. fxe5 Qxe5 19. Bc2 Bd7 20. Re1 Qf6 21.
Qd2 Rae8 22. Nb3 Nxb3 23. Bxb3 Kh8 24. Qxa5 Qd4+ 25. Kh1 b6 26. Qb4 f4 27. Rad1
Qf6 28. Rxe8 Rxe8 29. Re1 f3 30. Rxe8+ Bxe8 31. gxf3 Qxf3+ 32. Kg1 Bd7 33. Qe7
Bh3 34. Qe8+ Kg7 35. Qe7+ Kh6 36. Qh4+ Kg7 37. Qe7+ Kg8 38. Qe8+ Kg7 39. Qe7+
Kg8 40. Qe8+ Kg7 41. Qe7+ 1/2-1/2

[Event "Russian Championship B19 2016"]
[Site "Loo"]
[Date "2016.04.27"]
[Round "8.7"]
[White "Yeletsky, Ivan"]
[Black "Mingazov, Almaz"]
[Result "1-0"]
[WhiteElo "2344"]
[BlackElo "2181"]
[PlyCount "83"]
[EventDate "2016.04.20"]

1. d4 f5 2. Nf3 Nf6 3. Bf4 g6 4. e3 Bg7 5. c4 O-O 6. Nc3 d6 7. h3 Qe8 8. Be2
Nbd7 9. Bh2 c6 10. O-O h6 11. Qc2 e5 12. Rac1 a5 13. a3 g5 14. dxe5 Nxe5 15.
Nd4 Nh7 16. Na4 f4 17. Nb6 Rb8 18. Nxc8 Rxc8 19. Nf5 f3 20. Nxg7 Qf7 21. Bxe5
fxe2 22. Qxe2 dxe5 23. Nh5 Rcd8 24. Rfd1 Nf6 25. Ng3 Qe6 26. e4 Rd4 27. f3 Kh7
28. Nf5 Rdd8 29. Rd2 Nh5 30. Rcd1 Nf4 31. Qf1 Rxd2 32. Rxd2 Rf6 33. Kh2 Qe8 34.
Qd1 Ne6 35. Rd7+ Rf7 36. Rxf7+ Qxf7 37. Qd6 h5 38. Qxe5 g4 39. hxg4 hxg4 40. f4
Nf8 41. Nd6 Qg6 42. Qf5 1-0

[Event "Russian Championship B19 2016"]
[Site "Loo"]
[Date "2016.04.27"]
[Round "8.8"]
[White "Khramov, Andrey"]
[Black "Ivlev, Aleksey"]
[Result "0-1"]
[WhiteElo "2125"]
[BlackElo "2302"]
[PlyCount "74"]
[EventDate "2016.04.20"]

1. e4 c5 2. Nf3 d6 3. d4 cxd4 4. Nxd4 Nf6 5. Nc3 a6 6. Be3 e5 7. Nb3 Be6 8. Qd2
Nbd7 9. f3 Rc8 10. O-O-O h5 11. Kb1 b5 12. Qf2 Be7 13. g3 Qc7 14. h3 Qb7 15.
Na5 Qa8 16. Qd2 Bd8 17. Nb3 b4 18. Nd5 Nxd5 19. exd5 Bf5 20. Bd3 Bxd3 21. Qxd3
a5 22. f4 a4 23. Nd2 Qb8 24. Rhe1 O-O 25. g4 a3 26. gxh5 f5 27. Rg1 Qc7 28. h6
Rf7 29. Nb3 axb2 30. Rg2 exf4 31. Rdg1 Ne5 32. Qb5 Bf6 33. Bd4 f3 34. Rh2 Nc4
35. Qa6 Bxd4 36. Nxd4 Na3+ 37. Kxb2 Qc3+ 0-1

[Event "Russian Championship B19 2016"]
[Site "Loo"]
[Date "2016.04.27"]
[Round "8.9"]
[White "Aleksandrovskiy, Dmitriy"]
[Black "Sinyanskiy, Maxim"]
[Result "1-0"]
[WhiteElo "2252"]
[BlackElo "1990"]
[PlyCount "88"]
[EventDate "2016.04.20"]

1. e4 c5 2. Nf3 d6 3. d4 cxd4 4. Nxd4 Nf6 5. f3 e5 6. Bb5+ Nbd7 7. Nf5 a6 8.
Be2 d5 9. exd5 Nb6 10. Ne3 Nbxd5 11. c4 Qa5+ 12. Bd2 Nxe3 13. Bxa5 Nxd1 14.
Bxd1 Bc5 15. Nc3 O-O 16. Na4 Bd4 17. Bb6 Bf5 18. Bxd4 exd4 19. Kd2 Rae8 20. Nc5
Bg6 21. Bb3 Re5 22. Nxb7 Rb8 23. Nd6 Rb6 24. c5 Rxc5 25. Rac1 Rbc6 26. Rxc5
Rxc5 27. Re1 Rc6 28. Nc4 Rc8 29. Re7 Nd5 30. Ra7 Nf4 31. Nd6 Rf8 32. g3 Ne6 33.
Rxa6 Nc5 34. Rc6 Nxb3+ 35. axb3 Rb8 36. Rc8+ Rxc8 37. Nxc8 f6 38. Ne7+ Kf7 39.
Nxg6 hxg6 40. Kd3 Ke6 41. Kxd4 Kd6 42. b4 Kc6 43. Kc4 Kb6 44. b5 Kc7 1-0

[Event "Russian Championship B19 2016"]
[Site "Loo"]
[Date "2016.04.27"]
[Round "8.10"]
[White "Kovalev, Egor"]
[Black "Litvinov, Maxim"]
[Result "1/2-1/2"]
[WhiteElo "2207"]
[BlackElo "2413"]
[PlyCount "104"]
[EventDate "2016.04.20"]

1. Nf3 Nf6 2. g3 d5 3. Bg2 c6 4. c4 Bg4 5. Ne5 Be6 6. cxd5 Bxd5 7. Nf3 c5 8.
Nc3 Bc6 9. O-O Nbd7 10. Re1 e6 11. e4 e5 12. Nd5 Bd6 13. d3 O-O 14. Ne3 Re8 15.
a4 Nf8 16. Nc4 Qc7 17. b3 Ne6 18. Bb2 Nd4 19. Nxd4 cxd4 20. Nxd6 Qxd6 21. Ba3
Qc7 22. Rc1 a5 23. Rf1 Qd7 24. f4 b5 25. axb5 Bxb5 26. Rc5 Rac8 27. Rxc8 Rxc8
28. fxe5 Ng4 29. Bh3 h5 30. Bb2 Qe6 31. Rf5 g6 32. Rf6 Qxe5 33. Bxg4 hxg4 34.
Qxg4 Rc2 35. Rf5 Qc7 36. Bxd4 Rc1+ 37. Kg2 Rc2+ 38. Kh3 Bd7 39. Qh4 f6 40. Bxf6
Bxf5+ 41. exf5 Qh7 42. Qxh7+ Kxh7 43. fxg6+ Kxg6 44. Bd8 Rc5 45. d4 Rd5 46. Bc7
Rxd4 47. Bxa5 Kf5 48. Kg2 Rd1 49. b4 Rd2+ 50. Kh3 Rd4 51. b5 Rd5 52. Be1 Rxb5
1/2-1/2

[Event "Russian Championship B19 2016"]
[Site "Loo"]
[Date "2016.04.27"]
[Round "8.11"]
[White "Bychkov, Vladimir"]
[Black "Tarasov, Alexandr"]
[Result "1-0"]
[WhiteElo "2176"]
[BlackElo "2348"]
[PlyCount "87"]
[EventDate "2016.04.20"]

1. c4 b6 2. Nc3 Bb7 3. Nf3 e6 4. g3 Bxf3 5. exf3 c5 6. d4 cxd4 7. Qxd4 Nc6 8.
Qd1 Bb4 9. Bd2 Nge7 10. a3 Bxc3 11. Bxc3 O-O 12. b4 Qc7 13. Rc1 Rfd8 14. Bb2 d5
15. c5 bxc5 16. Rxc5 Qd6 17. Rc1 Rab8 18. Bd3 d4 19. O-O Ne5 20. f4 Nxd3 21.
Qxd3 a5 22. Rfd1 Nf5 23. g4 Nh4 24. Qg3 Ng6 25. Rxd4 Qxd4 26. Bxd4 Rxd4 27. Qe3
Nxf4 28. Kf1 Nd3 29. Qxd4 Nxc1 30. Qc4 axb4 31. axb4 h6 32. Qxc1 Rxb4 33. h3 g5
34. Kg2 Rf4 35. Qc3 Kh7 36. Kg3 Kg8 37. Qe5 Kh7 38. h4 f5 39. gxf5 exf5 40.
Qe7+ Kg8 41. h5 Rg4+ 42. Kf3 Rf4+ 43. Kg2 Rg4+ 44. Kf1 1-0

[Event "Russian Championship B19 2016"]
[Site "Loo"]
[Date "2016.04.27"]
[Round "8.12"]
[White "Gogin, Maksim"]
[Black "Ioffe, Ilya"]
[Result "1-0"]
[WhiteElo "2324"]
[BlackElo "2185"]
[PlyCount "73"]
[EventDate "2016.04.20"]

1. Nf3 d5 2. g3 Nf6 3. Bg2 c6 4. c4 Bf5 5. b3 e6 6. O-O Nbd7 7. d3 h6 8. Bb2
Be7 9. Nbd2 O-O 10. a3 a5 11. Rc1 Bd6 12. Re1 Bh7 13. e4 dxe4 14. Nxe4 Be7 15.
Nxf6+ Bxf6 16. d4 Nc5 17. Rc3 Ne4 18. Rce3 Nd6 19. a4 Nf5 20. R3e2 Qb6 21. g4
Ne7 22. h4 Ng6 23. g5 hxg5 24. hxg5 Be7 25. Re4 Rfd8 26. R1e3 Qc7 27. Rg4 Nf4
28. Ne5 Nxg2 29. Rxg2 Bf5 30. Qh5 Bd6 31. Rh2 Kf8 32. Qh8+ Ke7 33. Qxg7 Rf8 34.
Qf6+ Ke8 35. Rh8 Rxh8 36. Qxh8+ Bf8 37. Ba3 1-0

[Event "Russian Championship B19 2016"]
[Site "Loo"]
[Date "2016.04.27"]
[Round "8.13"]
[White "Mikheev, Aleksey"]
[Black "Konaplev, Anton"]
[Result "1/2-1/2"]
[WhiteElo "2268"]
[BlackElo "2165"]
[PlyCount "100"]
[EventDate "2016.04.20"]

1. e4 e6 2. d4 d5 3. Nc3 Nf6 4. Bg5 Bb4 5. e5 h6 6. Bd2 Bxc3 7. bxc3 Ne4 8. Qg4
g6 9. Bd3 Nxd2 10. Kxd2 c5 11. h4 Bd7 12. Nf3 Nc6 13. Qf4 c4 14. Be2 b5 15. Nh2
h5 16. Nf3 a5 17. Ng5 Qe7 18. a3 Rb8 19. Rh3 b4 20. Rf3 bxc3+ 21. Kxc3 Nd8 22.
Qf6 Qxf6 23. Rxf6 Ke7 24. Ra2 Be8 25. Rb2 Rxb2 26. Kxb2 Nc6 27. c3 Nb8 28. Bd1
Nd7 29. Rf3 Nb6 30. Bc2 Rh6 31. Kc1 Rh8 32. Kd2 Rh6 33. Ke3 Rh8 34. Kd2 Rg8 35.
Rf4 Rf8 36. Rf6 Rg8 37. g3 Nd7 38. Rf3 Nb6 39. Rf4 Rf8 40. f3 Rg8 41. g4 Rh8
42. gxh5 Rxh5 43. Rg4 Rh8 44. Rf4 Rh5 45. Ke1 Rh8 46. Ke2 Rh5 47. Kd2 Rh6 48.
Rg4 Rh5 49. Rf4 Rh6 50. Rg4 Rh5 1/2-1/2

[Event "Russian Championship B19 2016"]
[Site "Loo"]
[Date "2016.04.27"]
[Round "8.14"]
[White "Drygalov, Andrey"]
[Black "Petrushev, Nikita"]
[Result "0-1"]
[WhiteElo "2317"]
[BlackElo "2024"]
[PlyCount "132"]
[EventDate "2016.04.20"]

1. e4 c5 2. Nf3 d6 3. d4 cxd4 4. Nxd4 Nf6 5. Nc3 a6 6. h3 g6 7. g4 Bg7 8. Bg2
O-O 9. O-O Bd7 10. Be3 Nc6 11. Nb3 Ne5 12. Nd2 Rc8 13. f4 Nexg4 14. hxg4 Nxg4
15. Nd5 Nxe3 16. Nxe3 Bxb2 17. Rb1 Bd4 18. Re1 Ba4 19. Nb3 Ba7 20. Qd2 e5 21.
Qf2 exf4 22. Qxf4 Rxc2 23. Kh1 Rxa2 24. Nc1 Ra3 25. Rxb7 Bd4 26. Nc4 Rc3 27.
Nxd6 Be5 28. Nxf7 Bxf4 29. Nxd8 Rxd8 30. Na2 Rc5 31. Nb4 Rh5+ 32. Kg1 Bd2 33.
Re2 Rb5 34. Nc6 Rxb7 35. Nxd8 Rb1+ 36. Kf2 Ba5 37. Ne6 Bd7 38. Nf4 Bb6+ 39. Kg3
Rb3+ 40. Bf3 g5 41. Nd5 Bd8 42. Ne3 Bb5 43. e5 Bxe2 44. Bd5+ Kf8 45. Bxb3 Bc7
46. Kf2 Bb5 47. Ng4 h5 48. Nf6 Bxe5 49. Nh7+ Ke7 50. Nxg5 a5 51. Nf3 Bf6 52.
Kg3 a4 53. Ba2 a3 54. Kf4 Be8 55. Kf5 Bf7 56. Bb1 a2 57. Bxa2 Bxa2 58. Kg6 Bf7+
59. Kf5 Be8 60. Kf4 Kf7 61. Kg3 Kg6 62. Kf4 Bc6 63. Kg3 Kf5 64. Ng1 h4+ 65. Kh3
Kg5 66. Kh2 Kg4 0-1

[Event "Russian Championship B19 2016"]
[Site "Loo"]
[Date "2016.04.27"]
[Round "8.15"]
[White "Bondarenko, Ivan"]
[Black "Zhuk, Valeriy"]
[Result "0-1"]
[WhiteElo "2194"]
[BlackElo "2310"]
[PlyCount "74"]
[EventDate "2016.04.20"]

1. d4 d5 2. c4 e6 3. Nc3 c6 4. e4 dxe4 5. Nxe4 Bb4+ 6. Bd2 Qxd4 7. Bxb4 Qxe4+
8. Be2 a5 9. Bc3 Ne7 10. Qd2 O-O 11. Nh3 f6 12. f3 Qg6 13. Bd3 Qf7 14. Bxa5 c5
15. O-O e5 16. Nf2 Be6 17. b3 Nec6 18. Bc3 Nd4 19. Ne4 Qc7 20. Qf2 b6 21. Nd2
Nbc6 22. Rfd1 Ra3 23. Bb2 Ra7 24. a3 Rd8 25. Qf1 Qd6 26. Bc3 f5 27. Kh1 Rf7 28.
Qe1 Re8 29. b4 Rfe7 30. b5 Nb8 31. Qf1 Nd7 32. a4 Nf6 33. a5 bxa5 34. Rxa5 Bc8
35. Nb1 e4 36. Re1 e3 37. Bxd4 cxd4 0-1

[Event "Russian Championship B19 2016"]
[Site "Loo"]
[Date "2016.04.27"]
[Round "8.16"]
[White "Zhileykin, Andrey"]
[Black "Sizintsev, Alexey"]
[Result "1/2-1/2"]
[WhiteElo "2254"]
[BlackElo "2125"]
[PlyCount "81"]
[EventDate "2016.04.20"]

1. e4 e5 2. Nf3 Nc6 3. Bb5 a6 4. Ba4 Nf6 5. O-O b5 6. Bb3 Be7 7. d3 d6 8. a3
Bg4 9. c3 O-O 10. Nbd2 Na5 11. Ba2 c5 12. b4 Nc6 13. h3 Bh5 14. Qb3 Nd7 15. Re1
Nb6 16. g4 Bg6 17. Nh2 Bg5 18. Nhf1 Rc8 19. Nf3 Bxc1 20. Raxc1 c4 21. dxc4 Nxc4
22. Ng3 a5 23. a4 Na7 24. axb5 Nxb5 25. Qa4 Qb6 26. h4 Nb2 27. Qc2 Rxc3 28.
Qxb2 Rxf3 29. bxa5 Rxg3+ 30. Kh2 Qxa5 31. Kxg3 h5 32. Bd5 Nd4 33. Qc3 Qd8 34.
g5 Qd7 35. f3 Qb5 36. Bc4 Qc5 37. Bd5 Qb5 38. Bc4 Qc5 39. Bd5 Qb5 40. Bc4 Qc5
41. Bd5 1/2-1/2

[Event "Russian Championship B19 2016"]
[Site "Loo"]
[Date "2016.04.27"]
[Round "8.17"]
[White "Feoktistov, Nikita"]
[Black "Obodenko, Amir"]
[Result "1/2-1/2"]
[WhiteElo "2194"]
[BlackElo "2133"]
[PlyCount "103"]
[EventDate "2016.04.20"]

1. d4 Nf6 2. Bg5 d5 3. Bxf6 exf6 4. e3 c6 5. c4 Be6 6. cxd5 Bxd5 7. Nc3 Bb4 8.
a3 Ba5 9. Rc1 O-O 10. Nf3 Be6 11. Bd3 Nd7 12. O-O f5 13. b4 Bc7 14. b5 Nf6 15.
Qc2 g6 16. bxc6 bxc6 17. g3 Bd6 18. a4 Qa5 19. Ng5 Bd7 20. Bc4 h6 21. Nf3 Rab8
22. Rb1 Kg7 23. Nd2 Nd5 24. Nxd5 cxd5 25. Rxb8 Rxb8 26. Bb3 Rc8 27. Qa2 Rc3 28.
Nf3 f6 29. Rd1 Bc6 30. Kg2 g5 31. Ng1 Qb4 32. Rb1 Qa3 33. Qxa3 Bxa3 34. Kf1 a5
35. Ne2 Rd3 36. Bc2 Rd2 37. Bxf5 Bb4 38. Ra1 Kf7 39. g4 Bb7 40. Bd7 Ke7 41. Bb5
Bc8 42. h3 h5 43. Rc1 Be6 44. f3 Rb2 45. Rc7+ Kd6 46. Rc6+ Ke7 47. Kf2 hxg4 48.
hxg4 Bd2 49. Ng3 Rb3 50. e4 Be3+ 51. Ke2 Bf4 52. Nf5+ 1/2-1/2

[Event "Russian Championship B19 2016"]
[Site "Loo"]
[Date "2016.04.27"]
[Round "8.18"]
[White "Beljskij, Ilja"]
[Black "Kontsevik, Georgy"]
[Result "1/2-1/2"]
[WhiteElo "2110"]
[BlackElo "2163"]
[PlyCount "80"]
[EventDate "2016.04.20"]

1. e4 c5 2. Nf3 Nc6 3. d4 cxd4 4. Nxd4 e5 5. Nb5 d6 6. N1c3 a6 7. Na3 b5 8. Nd5
Nce7 9. c4 Nxd5 10. cxd5 f5 11. exf5 Bxf5 12. Nc2 Nf6 13. Ne3 Bg6 14. a4 b4 15.
a5 Be7 16. Qa4+ Nd7 17. Qxb4 Nc5 18. Nc4 O-O 19. Nb6 Rb8 20. Be3 Nd3+ 21. Bxd3
Bxd3 22. Qc3 Bb5 23. Rc1 Bg5 24. Qd2 Bxe3 25. Qxe3 Qh4 26. Rg1 Qxh2 27. Kd2 Qh4
28. f3 Rf4 29. Rc3 Rd4+ 30. Kc2 Rf8 31. Kb1 Qg3 32. Ka2 h5 33. Qc1 Qh4 34. g3
Qf6 35. Qc2 Qg5 36. Rc8 Rxc8 37. Qxc8+ Kh7 38. Rh1 Rd2 39. Qc1 Qe3 40. Rxh5+
Kg6 1/2-1/2

[Event "Russian Championship B19 2016"]
[Site "Loo"]
[Date "2016.04.27"]
[Round "8.19"]
[White "Sivtsev, Mikhail"]
[Black "Lavrinenko, Aleksandr"]
[Result "1/2-1/2"]
[WhiteElo "1946"]
[BlackElo "1969"]
[PlyCount "96"]
[EventDate "2016.04.20"]

1. e4 c5 2. Nc3 Nc6 3. f4 g6 4. Nf3 Bg7 5. Bb5 Nd4 6. O-O Nxb5 7. Nxb5 Nf6 8.
d3 O-O 9. Qe1 d6 10. Qh4 Bd7 11. Nc3 Bc6 12. f5 Qd7 13. Bh6 Rae8 14. Ng5 Nh5
15. Bxg7 Kxg7 16. g4 h6 17. gxh5 hxg5 18. Qxg5 Rh8 19. fxg6 f6 20. Qh4 Rh6 21.
Ne2 Reh8 22. Ng3 Rxg6 23. Kh1 Qg4 24. Rf4 Qxh4 25. Rxh4 Rg5 26. Rf1 Bd7 27. Kg2
Rg4 28. Rxg4+ Bxg4 29. Rf4 Bxh5 30. Rh4 Kg6 31. Nxh5 Rxh5 32. Rxh5 Kxh5 33. Kh3
e6 34. Kg3 Kg5 35. h4+ Kh5 36. Kh3 b5 37. c4 b4 38. b3 a6 39. Kg3 Kh6 40. Kg4
Kg6 41. Kg3 Kh5 42. Kh3 Kg6 43. Kg4 a5 44. Kg3 Kh5 45. Kh3 Kh6 46. Kg3 Kh5 47.
Kh3 Kh6 48. Kg4 Kg6 1/2-1/2

[Event "Russian Championship B19 2016"]
[Site "Loo"]
[Date "2016.04.27"]
[Round "8.20"]
[White "Karpinskiy, Kirill"]
[Black "Kappushev, Ahmat"]
[Result "1/2-1/2"]
[WhiteElo "1984"]
[BlackElo "1903"]
[PlyCount "80"]
[EventDate "2016.04.20"]

1. d4 Nf6 2. Nf3 g6 3. g3 Bg7 4. Bg2 O-O 5. O-O d6 6. c4 Nc6 7. Nc3 e5 8. d5
Ne7 9. e4 a5 10. Ne1 Nh5 11. Nd3 f5 12. exf5 Bxf5 13. Be3 b6 14. Ne4 Bxe4 15.
Bxe4 Nf6 16. Bg2 Nf5 17. Bd2 Nd7 18. Bc3 Nc5 19. Qd2 Nxd3 20. Qxd3 Qd7 21. Bh3
Rae8 22. Rae1 Qf7 23. Re4 Bh6 24. a3 Re7 25. b4 axb4 26. axb4 Qe8 27. Bb2 Bg7
28. c5 bxc5 29. bxc5 dxc5 30. Ba3 Nd6 31. Bxc5 Nxe4 32. Qxe4 Kh8 33. f4 Ref7
34. Bxf8 Rxf8 35. fxe5 Rxf1+ 36. Kxf1 Qxe5 37. Qxe5 Bxe5 38. Kg2 Kg7 39. Bd7
Kf6 40. g4 g5 1/2-1/2

[Event "Russian Championship B19 2016"]
[Site "Loo"]
[Date "2016.04.27"]
[Round "8.21"]
[White "Dinulin, Ilya"]
[Black "Ufimtsev, Egor"]
[Result "0-1"]
[WhiteElo "1812"]
[BlackElo "2034"]
[PlyCount "48"]
[EventDate "2016.04.20"]

1. d4 e6 2. Nf3 c5 3. c3 Nc6 4. Bf4 cxd4 5. cxd4 Qb6 6. Qd2 Nf6 7. e3 Bb4 8.
Nc3 Ne4 9. Qc2 Qa5 10. Rc1 d5 11. Bd3 Qxa2 12. O-O Bxc3 13. Bxe4 dxe4 14. Qxc3
exf3 15. d5 Ne7 16. d6 Ng6 17. Rfd1 e5 18. Bxe5 Qe6 19. Bxg7 Qg4 20. Kf1 Qxg2+
21. Ke1 Qg1+ 22. Kd2 Qxf2+ 23. Kd3 Bf5+ 24. e4 Qe2+ 0-1

[Event "Russian Championship B19 2016"]
[Site "Loo"]
[Date "2016.04.27"]
[Round "8.22"]
[White "Ermachkov, Ilja"]
[Black "Kruzhilin, Aleksey"]
[Result "0-1"]
[WhiteElo "1730"]
[BlackElo "2161"]
[PlyCount "56"]
[EventDate "2016.04.20"]

1. d4 Nf6 2. Nf3 e6 3. g3 c5 4. c4 cxd4 5. Nxd4 Nc6 6. e3 d5 7. Bg2 Bb4+ 8. Bd2
Qb6 9. Nxc6 bxc6 10. cxd5 Bxd2+ 11. Qxd2 cxd5 12. O-O O-O 13. Nc3 Rb8 14. Rab1
Ba6 15. Rfc1 Rfc8 16. Rc2 Ng4 17. Rbc1 Ne5 18. Na4 Qd8 19. Rxc8 Rxc8 20. Rxc8
Qxc8 21. Qc3 Qc4 22. b3 Nf3+ 23. Kh1 Qe2 24. Qc1 Qxf2 25. Nc5 Ne1 26. Bh3 Bf1
27. Nd3 Bg2+ 28. Bxg2 Qxg2# 0-1

[Event "Russian Championship G11 2016"]
[Site "Loo"]
[Date "2016.04.27"]
[Round "8.1"]
[White "Cherepanova, Evita"]
[Black "Zvereva, Margarita"]
[Result "1-0"]
[WhiteElo "1689"]
[BlackElo "1768"]
[PlyCount "95"]
[EventDate "2016.04.20"]

1. d4 d5 2. Nf3 c5 3. c3 e6 4. Bf4 Nc6 5. e3 Bd6 6. Bg3 Nf6 7. Nbd2 O-O 8. Bd3
Qe7 9. Ne5 Nd7 10. f4 f6 11. Nxc6 bxc6 12. Nf3 a5 13. Qe2 a4 14. e4 c4 15. Bc2
a3 16. bxa3 Rxa3 17. O-O Rxc3 18. e5 fxe5 19. fxe5 Bc7 20. Bh4 Qe8 21. Be1 Rxc2
22. Qxc2 c5 23. Bf2 Qh5 24. Rfe1 Rf5 25. Qa4 Rf7 26. Qc6 Nf8 27. a4 Qg4 28. h3
Qg6 29. Kh1 cxd4 30. Bxd4 Qg3 31. Rf1 Qg6 32. a5 Re7 33. a6 Bxa6 34. Qxa6 Re8
35. Qc6 Bb8 36. Rf2 h6 37. Raf1 Rd8 38. Qb6 Qe8 39. Ne1 Nd7 40. Qb2 Bc7 41. Rf3
Rb8 42. Qe2 Rb7 43. Rg3 Qb8 44. Qg4 Bxe5 45. Qxe6+ Kh8 46. Bxe5 Nxe5 47. Re3
Nd7 48. Qxd5 1-0

[Event "Russian Championship G11 2016"]
[Site "Loo"]
[Date "2016.04.27"]
[Round "8.2"]
[White "Alekseenko, Mariya"]
[Black "Mikheeva, Galina"]
[Result "1/2-1/2"]
[WhiteElo "1604"]
[BlackElo "1533"]
[PlyCount "82"]
[EventDate "2016.04.20"]

1. c4 e5 2. Nc3 Nc6 3. e4 Bc5 4. d3 d6 5. h3 f5 6. g3 Nf6 7. Bg2 h6 8. Nge2 O-O
9. O-O Qe8 10. Kh2 Qh5 11. f3 Qg6 12. Nd5 Qf7 13. a3 a5 14. Be3 Nxd5 15. Bxc5
Nde7 16. Be3 Ng6 17. f4 Qe8 18. Qd2 Kh7 19. Rf2 Be6 20. Raf1 Qd7 21. exf5 Bxf5
22. g4 exf4 23. gxf5 fxe3 24. fxg6+ Kxg6 25. Be4+ Kh5 26. Ng3+ Kh4 27. Qxe3
Rxf2+ 28. Qxf2 Qxh3+ 29. Kg1 Qxg3+ 30. Qxg3+ Kxg3 31. Rf7 g5 32. Rxc7 h5 33.
Rxb7 Nd4 34. Rf7 Rb8 35. Rf2 h4 36. Rg2+ Kf4 37. Rf2+ Kg3 38. Rg2+ Kf4 39. Rf2+
Kg3 40. Rg2+ Kf4 41. Rf2+ Kg3 1/2-1/2

[Event "Russian Championship G11 2016"]
[Site "Loo"]
[Date "2016.04.27"]
[Round "8.3"]
[White "Krupnova, Anna"]
[Black "Platuschikhina, Darya"]
[Result "1-0"]
[WhiteElo "1591"]
[BlackElo "1412"]
[PlyCount "83"]
[EventDate "2016.04.20"]

1. d4 Nf6 2. Nf3 e6 3. g3 b6 4. Bg2 Bb7 5. O-O Be7 6. c4 O-O 7. Nc3 Ne4 8. Qc2
Nxc3 9. bxc3 f5 10. d5 exd5 11. Nd4 c6 12. cxd5 cxd5 13. Nxf5 Na6 14. Rd1 Rc8
15. Nxe7+ Qxe7 16. Be3 Bc6 17. a4 d4 18. Bxd4 Bxg2 19. Kxg2 Nc5 20. a5 bxa5 21.
Rxa5 d5 22. Bxc5 Rxc5 23. Qa2 Qe4+ 24. Kg1 Rxa5 25. Qxa5 Rd8 26. Qxd8+ Kf7 27.
Qxd5+ Qxd5 28. Rxd5 Ke6 29. Ra5 Kd6 30. Rxa7 Kc5 31. Rxg7 Kc4 32. Rxh7 Kxc3 33.
Rd7 Kb4 34. h4 Kb5 35. h5 Kc6 36. Rd1 Kc7 37. h6 Kc8 38. h7 Kc7 39. h8=Q Kc6
40. Qc8+ Kb5 41. Rb1+ Ka5 42. Qa8# 1-0

[Event "Russian Championship G11 2016"]
[Site "Loo"]
[Date "2016.04.27"]
[Round "8.4"]
[White "Novozhilova, Polina"]
[Black "Kuznetsova, Marina"]
[Result "0-1"]
[WhiteElo "1494"]
[BlackElo "1312"]
[PlyCount "120"]
[EventDate "2016.04.20"]

1. b3 e5 2. Bb2 Nc6 3. c4 Nf6 4. e3 d5 5. cxd5 Nxd5 6. g3 Be6 7. Bg2 Bd6 8. Ne2
O-O 9. O-O Re8 10. d3 Be7 11. a3 a5 12. Nbc3 Qd7 13. Rc1 Nxc3 14. Nxc3 Rad8 15.
Nb5 Bf6 16. Qc2 Qxd3 17. Qxd3 Rxd3 18. Nxc7 Re7 19. Nxe6 Rxe6 20. Bc3 e4 21.
Bxf6 gxf6 22. Rb1 f5 23. Bh3 Rf6 24. Rfd1 Ne5 25. Rdc1 Nf3+ 26. Kg2 Nd2 27.
Rc8+ Kg7 28. Rbc1 Rxb3 29. R8c3 Rxc3 30. Rxc3 Kg6 31. Rc5 b6 32. Rb5 Nf3 33.
Kh1 Ng5 34. Bf1 Rc6 35. h4 Nf3 36. h5+ Kg5 37. Be2 Kg4 38. Bxf3+ exf3 39. Kh2
Rf6 40. Rd5 Kxh5 41. Rd4 Rc6 42. Rf4 Kg6 43. a4 Kg5 44. Rd4 Rc2 45. Kg1 Rb2 46.
Rd3 Rb4 47. Ra3 Kf6 48. Ra2 Ke5 49. Ra3 Kd5 50. Kh2 Rb2 51. Kg1 Kc4 52. Ra1 Kb3
53. Kh1 Rxf2 54. Rb1+ Rb2 55. Ra1 Kc2 56. Kg1 Kd3 57. Ra3+ Ke2 58. Ra1 Kxe3 59.
Ra3+ Ke2 60. Ra1 Rd2 0-1

[Event "Russian Championship G11 2016"]
[Site "Loo"]
[Date "2016.04.27"]
[Round "8.5"]
[White "Nikolaeva, Nadezhda"]
[Black "Shubenkova, Veronika"]
[Result "1-0"]
[WhiteElo "1237"]
[BlackElo "1347"]
[PlyCount "83"]
[EventDate "2016.04.20"]

1. d4 Nf6 2. c4 e6 3. Nc3 d5 4. cxd5 exd5 5. Bg5 Nbd7 6. Qc2 c6 7. e3 Bd6 8.
Bd3 Nf8 9. Nge2 Ng6 10. O-O-O h6 11. Bxf6 Qxf6 12. e4 dxe4 13. Nxe4 Qe6 14. Bc4
Qe7 15. Nxd6+ Qxd6 16. d5 O-O 17. dxc6 Qxc6 18. Nd4 Qf6 19. Kb1 Ne7 20. Rhe1
Nf5 21. Nf3 Nd6 22. Bd3 Bf5 23. Bxf5 Nxf5 24. Qe4 Nd6 25. Qd4 Qxd4 26. Rxd4
Rfd8 27. Red1 Rac8 28. Rxd6 Re8 29. Rc1 Rxc1+ 30. Kxc1 Re2 31. Rd2 Re7 32. Kc2
Kh7 33. Kc3 Kg6 34. Kd4 Kf5 35. Kc5 g5 36. Nd4+ Kf6 37. Nb5 Re5+ 38. Kc4 a6 39.
Nc3 Kg7 40. Re2 Rxe2 41. Nxe2 b6 42. Kd5 1-0